Giáo trình Hán Nôm dành cho du lịch /

Spremljeno u:
Bibliografski detalji
Glavni autor: Phạm Văn Khoái.
Format: Sách giấy
Jezik:Vietnamese
Izdano: H. : Đại học Quốc gia, 2004.
Izdanje:In lần thứ 4.
Teme:
Oznake: Dodaj oznaku
Bez oznaka, Budi prvi tko označuje ovaj zapis!
Thư viện lưu trữ: Thư viện Trường Đại học Đà Lạt
LEADER 00792nam a2200313 4500
001 DLU120131815
005 ##20120222
040 # # |a DLU  |b vie 
041 # # |a vie 
044 # # |a vn 
082 # # |a 495.922 7  |b PH-K 
100 # # |a Phạm Văn Khoái. 
245 # # |a Giáo trình Hán Nôm dành cho du lịch /  |c Phạm Văn Khoái. 
250 # # |a In lần thứ 4. 
260 # # |a H. :  |b Đại học Quốc gia,  |c 2004. 
300 # # |a 373 tr. ;  |c 21 cm. 
504 # # |a Tài liệu tham khảo chính: tr.370. 
650 # # |a Chữ Hán Nôm  |v Giáo trình. 
923 # # |a 01/2012DL 
991 # # |a GT 
992 # # |a 28200 
994 # # |a KDL 
900 # # |a True 
911 # # |a Nguyễn Thanh Hương 
925 # # |a G 
926 # # |a A 
927 # # |a SH 
980 # # |a Thư viện Trường Đại học Đà Lạt